000 00304nam a22001337a 4500
008 170619b xxu||||| |||| 00| 0 eng d
020 _a9780742516113
041 _aeng
080 _a328
100 _a20
101 _aSHP
245 _aPOLITICS AND GOVERNEMENT IN ISRAEL
_cMAHLER,G.S
942 _2udc
_cBK
999 _c18113
_d18113